00971nam a2200265Ia 4500001000700000003000500007008004100012010001100053040000900064090001600073100004000089245013800129260004200267300000900309502012100318650002400439650003900463901001600502902000600518910000900524942000600533942000600539999001900545952014100564Z_1397CHAP220113s1975 xx 000 0 und d a164486 cCHAP aTesis A 250 aAlvarez Ousset, Jorge Antonio94956 aEvaluación de los tetraciclinas y coyden para el tratamiento de anaplasmosis en casos de campo /cpor Jorge Antonio Alvarez Ousset aGuadalajara, Jal. :bEl autor,c1975 a35 h aTesis (Médico Veterinario Zootecnista) -- Universidad de Guadalajara. Facultad de Medicina Veterinaria y Zootecnia aAnaplasmosis 95477 aGanado vacunoxEnfermedades945460 aTESIS A 250 aM a1975 c2 c2 c164486d164486 00102local4051708TESISaZbZd2005-11-09eEl autorl0oTesis A48 250 1975p5101000379r2022-01-18 00:00:00tEj.1w2022-01-18yTESIS